01154 2200349 4500001002100000005001500021035002000036007000300056008004100059020002200100082001500122084001700137100003500154245015000189250003500339300003700374650003400411700003200445700002200477700003400499700002200533264004100555336002100596337003000617338002300647040002200670090002200692850001200714504003400726999002200760990002200782INLIS00000000088520020240322081630 a0010-0324000630ta240322s2023 yoia g | ind d a978-623-8486-00-704223a352.63 a352.63 NAB m3 aNababan, Benny OstaePengarang10aManajemen pelayanan publik dan bisnis /cBenny Osta Nababan, Yesi Dewita Sari, Mujito, Wawan Hari Subagyo, Muhlis; penyunting, Benny Osta Nababan aCetakan pertama, November 2023 ax, 167 halaman :btabel ;c23 cm 4aPelayanan publik--xManajemen0 aYesi Dewita SariePengarang0 aMujitoePengarang0 aWawan Hari SubagyoePengarang0 aMuhlisePengarang31aBantul :bSelat Media Patners,c2023 2rdacontentateks 2rdamediaatanpa perantara 2rdacarrieravolume aYOPDYOGbinderda aCB-D.11 2023-4306 aYOPDYOG aBibliografi : halaman 161-162 aCB-D.11/2023-4306 aCB-D.11/2023-4306